000 00684nam a2200289Ia 4500
005 20260324145302.0
008 008 260324s9999 xx 000 0 eng d
020 _a9781315143538
037 _aEBOOK
040 _aCRL
040 _beng
040 _cCRL
041 _2eng
041 _aeng
084 _qCRL
100 _aStephen R. Sacks
_91222426
245 0 _aSelf-Management and Efficiency
245 0 _bLarge Corporations in Yugoslavia
260 _bTaylor and Francis
260 _c1983
365 _a
365 _b170
856 _uhttp://www.taylorfrancis.com/books/9781315143538
942 _cEBOOK
999 _c1830109
_d1830109